000 00733nam a2200205Ii 4500
003 JO-AjNU
008 230605s9999||||xx |||||||||||||| ||und||
017 _a1987/132
040 _aJO-AjNU
_bara
_erda
_cJO-AjNU
041 _aara
050 1 4 _aBP134 1987
100 3 _aابن قيم الجوزية، أبي عبدالله محمد بن أبي بكر 692-751 هجري؛ دراسة وتحقيق موسى بناي علوان العليلي,
_eauthor
_910152
245 0 0 _aأمثال القرآن
264 3 1 _aبغداد: مكتبة القدس، 1987
300 _a160ص
336 _atext
_btxt
_2rdacontent
337 _aunmediated
_bn
_2rdamedia
338 _avolume
_bnc
_2rdacarrier
650 4 _aالقران - امثال
_910153
999 _aA1662
_c5230
_d5230